Little women / (Record no. 1480)

MARC details
000 -LEADER
fixed length control field 00610nam a22002057a 4500
005 - DATE AND TIME OF LATEST TRANSACTION
control field 20230302024735.0
008 - FIXED-LENGTH DATA ELEMENTS--GENERAL INFORMATION
fixed length control field 230302b |||||||| |||| 00| 0 eng d
020 ## - INTERNATIONAL STANDARD BOOK NUMBER
International Standard Book Number 0-679-86175-0
082 ## - DEWEY DECIMAL CLASSIFICATION NUMBER
Classification number Fic. Al355 1994
100 ## - MAIN ENTRY--PERSONAL NAME
Personal name Alcott, Louisa May
Relator term author
245 ## - TITLE STATEMENT
Title Little women /
Statement of responsibility, etc. Louisa May Alcott; adapted by Monica Kulling
260 ## - PUBLICATION, DISTRIBUTION, ETC.
Place of publication, distribution, etc. New York:
Name of publisher, distributor, etc. Random House,
Date of publication, distribution, etc. c1994.
300 ## - PHYSICAL DESCRIPTION
Extent 106p.
490 ## - SERIES STATEMENT
Series statement Bullseye step into classic
541 ## - IMMEDIATE SOURCE OF ACQUISITION NOTE
Accession number 5175
650 ## - SUBJECT ADDED ENTRY--TOPICAL TERM
Topical term or geographic name entry element Family life - Fiction
650 ## - SUBJECT ADDED ENTRY--TOPICAL TERM
Topical term or geographic name entry element Sisters - Fiction
650 ## - SUBJECT ADDED ENTRY--TOPICAL TERM
Topical term or geographic name entry element New England - Fiction
700 ## - ADDED ENTRY--PERSONAL NAME
Personal name Monica, Kulling
Relator term adapter
Holdings
Withdrawn status Lost status Source of classification or shelving scheme Damaged status Not for loan Home library Current library Date acquired Total Checkouts Full call number Barcode Date last seen Copy number Price effective from Koha item type
    Dewey Decimal Classification     ctu-moalboal ctu-moalboal 06/19/2017   Fic. Al355 1994 5175 03/02/2023 1 03/02/2023 Books-Fiction